|
|
|
|
| LEADER |
00000cam a2200000 7i4500 |
| 001 |
0000003534 |
| 005 |
20060412.0 |
| 020 |
0 |
0 |
|a 818542134x
|
| 090 |
0 |
0 |
|a 584.15
|b BOS
|
| 100 |
1 |
0 |
|a Bose, T. K.
|
| 245 |
1 |
0 |
|a Orchids of India
|c T. K. Bose, S. K. Bhattacharjee.
|
| 250 |
0 |
0 |
|a Revised edition
|
| 260 |
0 |
0 |
|a Calcutta :
|b Naya Prokash ,
|c 1999.
|
| 300 |
|
|
|a 538, xxiii p., [26] leaves of plates :
|b ill. (some col.), map ;
|c 25 cm.
|
| 650 |
0 |
0 |
|a Orchid culture.
|
| 650 |
0 |
0 |
|a Orchids
|z India.
|
| 700 |
1 |
1 |
|a Bhattacharjee, Supriya Kumar ,
|d 1943 ,
|e joint author.
|
| 999 |
|
|
|a 0000006897
|b Monograph
|c Open Shelf
|e Default branch
|
| 999 |
|
|
|a 0000007227
|b Monograph
|c Open Shelf
|e Default branch
|